| 000 | 01463cam a2200205 4500 | ||
|---|---|---|---|
| 001 | L128916 | ||
| 008 | 050301n2003 000 0 eng u | ||
| 035 | _a(Sirsi) u128916 | ||
| 041 | _aeng | ||
| 050 |
_a658.404 _c18 |
||
| 110 |
_aRoyal Institution of Chartered Surveyors _bProject Management Faculty _94639 |
||
| 245 | _aLegal issues in project management | ||
| 260 |
_aLondon _bRICS _c2003 |
||
| 520 | _aRICS Project Management Faculty commissioned the College of Estate Management and Dechert to examine the areas in which project managers require legal knowledge. This report, based on an online survey of practising project managers, provides guidance on which areas of law are important, where more training is needed and where relevant information can be found. Key areas covered include: the role of the project manager; liability; limiting liability; extending liability; areas likely to give rise to a dispute; professional indemnity insurance; and health and safety. Each section includes guidance, relevant case law and statutes. The report concludes with summaries of key project management cases, a list of the main areas which project managers should be aware of, and potential for further training. | ||
| 690 |
_aProject management _96261 |
||
| 710 |
_aCollege of Estate Management _9400 |
||
| 710 |
_aDechert _94018 |
||
| 856 |
_uhttps://www.cem.ac.uk/news/press_2004_4.asp _zView the report free of charge at www.cem.ac.uk... |
||
| 942 | _n0 | ||
| 999 |
_c104036 _d104036 |
||